Países que produzem mais cerveja - Statistics

Estatísticas Gerais
  • Esse quiz foi jogado 66 vezes
  • A pontuação média é 17 de 20
Estatísticas das Respostas
Ranking Países % Correto
3. Brasil
100%
2. Estados Unidos
100%
5. Alemanha
98%
20. Argentina
97%
1. China
95%
6. Rússia
95%
8. Espanha
93%
17. França
93%
11. Reino Unido
93%
4. México
92%
19. Canadá
89%
13. Índia
87%
7. Japão
87%
16. Países Baixos
85%
9. Polônia
84%
15. Bélgica
72%
10. África do Sul
70%
14. Colômbia
70%
18. Tailândia
54%
12. Vietnã
33%
Nenhum quiz correspondente encontrado
Distribuição das Pontuações
Porcentagem de Pessoas com Cada Pontuação
Percentil de Números Respondidos
Sua Pontuação Histórica
Você não jogou esse quiz